000 00430cam a2200181ua 4500
001 5443
008 150206n ii |||gr||||Z||||||eng
040 _cMAIN
041 _aeng
082 _a823N
100 _aKennett, John,
_eAuthor,
245 _aLittle women
_cby John Kennett
250 _a1st.
260 _aNew Delhi:
_bS. Chand & company ltd.,
_c1979.
300 _a173p:
_c15cm.
653 _aEnglish fiction
942 _cBK
999 _c4623
_d4623